El lenguaje lectoescrito y sus problemas
Guardat en:
| Autors principals: | , , , , , , , , |
|---|---|
| Format: | Llibre |
| Idioma: | espanyol |
| Publicat: |
Buenos Aires
Médica Panamericana
1975
|
| Col·lecció: | Serie de Centro Médico de Investigaciones Foniátricas y Audiológicas, 6
|
| Matèries: | |
| Etiquetes: |
Afegir etiqueta
Sense etiquetes, Sigues el primer a etiquetar aquest registre!
|
MARC
| LEADER | 00000nam a2200000 a 4500 | ||
|---|---|---|---|
| 001 | UCZ0718 | ||
| 003 | CL-VaPUC | ||
| 008 | 950809e19750000AG |||||||||||||||||spa|d | ||
| 082 | 0 | 4 | |a 372.634 |b QUI |2 21 |
| 100 | 0 | |a Quirós, Julio Bernaldo de |e author |9 343878 | |
| 700 | 0 | |a Schrager, Orlando Luis |e author |9 343879 | |
| 700 | 0 | |a Feldman, Jacobo |e author |9 343880 | |
| 700 | 0 | |a Bouvet de Banchero, Haydée |e author |9 343881 | |
| 700 | 0 | |a Carbonell de Grompone, María A |e author |9 343882 | |
| 700 | 0 | |a Moll de Milton, Sofía E |e author |9 343883 | |
| 700 | 0 | |a Cardoso, Ema |e author |9 343884 | |
| 700 | 0 | |a Cutule, Susana |e author |9 343885 | |
| 700 | 0 | |a Besares, Cristina |e author |9 343886 | |
| 245 | 1 | 3 | |a El lenguaje lectoescrito y sus problemas |
| 300 | |a 269 p | ||
| 942 | |c BK | ||
| 945 | |d 19950809 00:00:00 |a cmena | ||
| 260 | |a Buenos Aires |b Médica Panamericana |c 1975 | ||
| 650 | 0 | |a Desarrollo del lenguaje |9 311270 | |
| 650 | 0 | |a Psicolingüística |9 283371 | |
| 650 | 0 | |a Lectura |9 307634 | |
| 650 | 0 | |a Enseñanza de la lectura |9 308364 | |
| 650 | 0 | |a Procesos de aprendizaje |9 309161 | |
| 650 | 0 | |a Aspectos sociales |9 254894 | |
| 650 | 7 | |a TRASTORNOS DEL HABLA |2 CL-VaPUC |9 309440 | |
| 650 | 0 | |a Percepción |9 266750 | |
| 650 | 0 | |a Dislexia |9 307487 | |
| 650 | 7 | |a PROBLEMAS DE LECTURA |2 CL-VaPUC |9 341778 | |
| 583 | |a last modification |c 19950809 00:00:00 |k Rodrigo Vera | ||
| 490 | 0 | |a Serie de Centro Médico de Investigaciones Foniátricas y Audiológicas, 6 | |
| 999 | |c 237627 |d 237625 | ||
| 952 | |0 0 |1 0 |4 0 |6 372_634000000000000_QUI_1975 |7 0 |8 P |9 247058 |a BIBEDU |b BIBEDU |c BIBEDU_PB |d 2019-11-18 |i 1552457 |o 372.634 QUI 1975 |p 1552457 |r 2024-01-25 |w 2019-11-18 |y BK |k EDU | ||
| 952 | |0 0 |1 0 |4 0 |6 372_634000000000000_QUI_1975 |7 0 |8 P |9 247059 |a BIBEDU |b BIBEDU |c BIBEDU_PB |d 2019-11-18 |i 1552635 |o 372.634 QUI 1975 |p 1552635 |r 2024-01-25 |w 2019-11-18 |y BK |k EDU | ||
| 952 | |0 0 |1 0 |4 0 |6 372_634000000000000_QUI_1975 |7 0 |8 P |9 247060 |a BIBEDU |b BIBEDU |c BIBEDU_PB |d 2019-11-18 |i 1552643 |o 372.634 QUI 1975 |p 1552643 |r 2024-01-25 |w 2019-11-18 |y BK |k EDU | ||
| 952 | |0 0 |1 0 |4 0 |6 372_634000000000000_QUI_1975 |7 0 |8 P |9 247061 |a BIBEDU |b BIBEDU |c BIBEDU_PB |d 2019-11-18 |i 1552651 |o 372.634 QUI 1975 |p 1552651 |r 2024-01-25 |w 2019-11-18 |y BK |k EDU | ||
| 952 | |0 0 |1 0 |4 0 |6 372_634000000000000_QUI_1975 |7 0 |8 P |9 247062 |a BIBEDU |b BIBEDU |c BIBEDU_PB |d 2019-11-18 |i 155266K |o 372.634 QUI 1975 |p 155266K |r 2024-01-25 |w 2019-11-18 |y BK |k EDU | ||